Sports Quiz

Random Sports or NBA Quiz
Score 0/140 Timer 15:00
0 Plays Today
Year % Correct
1990-1991Michael Jordan
99.2%
1991-1992Michael Jordan
99.2%
1992-1993Michael Jordan
99.2%
1994-1995Michael Jordan
99.2%
1995-1996Michael Jordan
99.2%
1996-1997Michael Jordan
99.2%
1997-1998Michael Jordan
99.2%
1990-1991Scottie Pippen
97.4%
1991-1992Scottie Pippen
97.4%
1992-1993Scottie Pippen
97.4%
1993-1994Scottie Pippen
97.4%
1994-1995Scottie Pippen
97.4%
1995-1996Scottie Pippen
97.4%
1996-1997Scottie Pippen
97.4%
1997-1998Scottie Pippen
97.4%
2008-2009Derrick Rose
94.8%
2009-2010Derrick Rose
94.8%
2010-2011Derrick Rose
94.8%
2011-2012Derrick Rose
94.8%
2014-2015Derrick Rose
94.8%
2015-2016Derrick Rose
94.8%
2001-2002Jalen Rose
93.8%
2002-2003Jalen Rose
93.8%
1995-1996Dennis Rodman
93.5%
1996-1997Dennis Rodman
93.5%
1997-1998Dennis Rodman
93.5%
2008-2009Joakim Noah
90.5%
2009-2010Joakim Noah
90.5%
2010-2011Joakim Noah
90.5%
2011-2012Joakim Noah
90.5%
2012-2013Joakim Noah
90.5%
2013-2014Joakim Noah
90.5%
2014-2015Joakim Noah
90.5%
2013-2014Jimmy Butler
87.1%
2014-2015Jimmy Butler
87.1%
2015-2016Jimmy Butler
87.1%
2016-2017Jimmy Butler
87.1%
1990-1991Horace Grant
82.9%
1991-1992Horace Grant
82.9%
1992-1993Horace Grant
82.9%
1993-1994Horace Grant
82.9%
2017-2018Jerian Grant
82.1%
2004-2005Luol Deng
75.8%
2005-2006Luol Deng
75.8%
2006-2007Luol Deng
75.8%
2007-2008Luol Deng
75.8%
2008-2009Luol Deng
75.8%
Year % Correct
2009-2010Luol Deng
75.8%
2010-2011Luol Deng
75.8%
2011-2012Luol Deng
75.8%
2012-2013Luol Deng
75.8%
1994-1995Toni Kukoc
75.2%
1998-1999Toni Kukoc
75.2%
1995-1996Ron Harper
74.8%
1996-1997Ron Harper
74.8%
1997-1998Ron Harper
74.8%
1998-1999Ron Harper
74.8%
2016-2017Dwyane Wade
73.6%
2016-2017Robin Lopez
73.4%
2017-2018Robin Lopez
73.4%
1995-1996Luc Longley
72.6%
1996-1997Luc Longley
72.6%
1997-1998Luc Longley
72.6%
1992-1993B.J. Armstrong
72.2%
1993-1994B.J. Armstrong
72.2%
1994-1995B.J. Armstrong
72.2%
2010-2011Carlos Boozer
69.2%
2011-2012Carlos Boozer
69.2%
2012-2013Carlos Boozer
69.2%
2013-2014Carlos Boozer
69.2%
2003-2004Kirk Hinrich
69%
2004-2005Kirk Hinrich
69%
2005-2006Kirk Hinrich
69%
2006-2007Kirk Hinrich
69%
2007-2008Kirk Hinrich
69%
2009-2010Kirk Hinrich
69%
2012-2013Kirk Hinrich
69%
2013-2014Kirk Hinrich
69%
1990-1991John Paxson
66.5%
1991-1992John Paxson
66.5%
1990-1991Bill Cartwright
66.1%
1991-1992Bill Cartwright
66.1%
1992-1993Bill Cartwright
66.1%
1993-1994Bill Cartwright
66.1%
2005-2006Ben Gordon
65.5%
2006-2007Ben Gordon
65.5%
2008-2009Ben Gordon
65.5%
2009-2010Taj Gibson
64.9%
2015-2016Taj Gibson
64.9%
2016-2017Rajon Rondo
63.1%
1999-2000Elton Brand
61.3%
2000-2001Elton Brand
61.3%
2014-2015Pau Gasol
60.5%
2015-2016Pau Gasol
60.5%
Year % Correct
2002-2003Jay Williams
57.7%
2017-2018Lauri Markkanen
56.9%
2015-2016Nikola Mirotic
53.8%
2002-2003Tyson Chandler
53%
2005-2006Tyson Chandler
53%
2016-2017Bobby Portis
50.8%
2003-2004Eddy Curry
49%
2004-2005Eddy Curry
49%
2003-2004Jamal Crawford
43.7%
1999-2000Ron Artest
43.5%
2000-2001Ron Artest
43.5%
2006-2007Ben Wallace
41.9%
2007-2008Joe Smith
41.7%
2013-2014Mike Dunleavy
41.3%
2014-2015Mike Dunleavy
41.3%
2008-2009Tyrus Thomas
41.1%
2000-2001Brad Miller
39.3%
2001-2002Brad Miller
39.3%
2012-2013Richard Hamilton
39.1%
2017-2018Justin Holiday
39.1%
1998-1999Randy Brown
38.7%
1999-2000Randy Brown
38.7%
2006-2007P.J. Brown
38.3%
1994-1995Will Perdue
37.9%
2003-2004Antonio Davis
33.5%
2004-2005Antonio Davis
33.5%
2000-2001Ron Mercer
27.8%
2001-2002Ron Mercer
27.8%
2017-2018Paul Zipser
27.6%
2011-2012Ronnie Brewer
26.2%
2001-2002Charles Oakley
23.6%
1998-1999Dickey Simpkins
22.6%
1999-2000Dickey Simpkins
22.6%
2010-2011Keith Bogans
22.6%
1993-1994Pete Myers
22%
2004-2005Chris Duhon
21.4%
1998-1999Brent Barry
18.5%
1999-2000Hersey Hawkins
14.7%
2007-2008Drew Gooden
13.3%
2007-2008Larry Hughes
13.1%
2001-2002Trenton Hassell
9.7%
2002-2003Trenton Hassell
9.7%
2002-2003Donyell Marshall
7.3%
2003-2004Kendall Gill
7.3%
2000-2001Bryce Drew
6.9%
2005-2006Mike Sweetney
5.8%
Remove Ads.
Support Sporcle.
Get the best of Sporcle when you Go Orange. This ad-free experience offers more features, more stats, and more fun while also helping to support Sporcle. Thank you for becoming a member.

You're not logged in!

Compare scores with friends on all Sporcle quizzes.
OR
Log In

Sporcle TV

Today on Sporcle TV


Watch our educational content, quiz creation guides, and fun videos on Sporcle TV.

Show Comments

Extras

Top Quizzes Today


Score Distribution

Paid Content

Your Account Isn't Verified!

In order to create a playlist on Sporcle, you need to verify the email address you used during registration. Go to your Sporcle Settings to finish the process.

Report this User

Report this user for behavior that violates our Community Guidelines.

Details: